Non-covalent interactions:theory and experiment (Record no. 1213082)

MARC details
000 -LEADER
fixed length control field 01109nam a2200325Ia 4500
003 - CONTROL NUMBER IDENTIFIER
control field OSt
005 - DATE AND TIME OF LATEST TRANSACTION
control field 20221007124140.0
008 - FIXED-LENGTH DATA ELEMENTS--GENERAL INFORMATION
fixed length control field 221006b |||||||| |||| 00| 0 eng d
020 ## - INTERNATIONAL STANDARD BOOK NUMBER
International Standard Book Number 9781847558534 (hbd)
037 ## - SOURCE OF ACQUISITION
Terms of availability Textbook
040 ## - CATALOGING SOURCE
Original cataloging agency CDL
Transcribing agency CDL
Language of cataloging eng
041 ## - LANGUAGE CODE
Source of code eng
Language code of text/sound track or separate title eng
100 ## - MAIN ENTRY--PERSONAL NAME
Personal name Hobza Pavel
9 (RLIN) 718543
245 #0 - TITLE STATEMENT
Title Non-covalent interactions:theory and experiment
260 ## - PUBLICATION, DISTRIBUTION, ETC.
Place of publication, distribution, etc. Cambridge
Name of publisher, distributor, etc. RSC Publishing
Date of publication, distribution, etc. 2010
300 ## - PHYSICAL DESCRIPTION
Extent xii, 225p.
Dimensions cm.
490 ## - SERIES STATEMENT
Series statement RSC Theoretical and computational chemistry series
500 ## - GENERAL NOTE
General note Includes bibliographical references.; Index 221-225p.
650 ## - SUBJECT ADDED ENTRY--TOPICAL TERM
Topical term or geographic name entry element Chemical bonds
650 ## - SUBJECT ADDED ENTRY--TOPICAL TERM
Topical term or geographic name entry element Chemistry and physical chemistry
9 (RLIN) 718544
650 ## - SUBJECT ADDED ENTRY--TOPICAL TERM
Topical term or geographic name entry element Computational chemistry
650 ## - SUBJECT ADDED ENTRY--TOPICAL TERM
Topical term or geographic name entry element Quantum and theoretical chemistry
9 (RLIN) 718075
650 ## - SUBJECT ADDED ENTRY--TOPICAL TERM
Topical term or geographic name entry element Chemistry
942 ## - ADDED ENTRY ELEMENTS (KOHA)
Classification part E:219, Q0 Carc
Koha item type Textbook
Source of classification or shelving scheme Colon Classification (CC)
Holdings
Withdrawn status Lost status Source of classification or shelving scheme Damaged status Not for loan Home library Current library Date acquired Source of acquisition Total Checkouts Full call number Barcode Date last seen Price effective from Koha item type
    Colon Classification (CC)     Department of Chemistry Library Department of Chemistry Library 2022-10-07 1034, 18/06/2010, Ashutosh Technical Books   E:219 Q0 Carc CD0008039 2022-10-07 2022-10-07 Textbook
Copyright @ Delhi University Library System